Statistiques concernant Grands pays frontaliers avec de petits pays

Cliquez ici pour prendre le quiz!

Statistiques générales

  • Ce quiz a été pris 4,571 fois
  • Le résultat moyen est 20 sur 28

Statistiques - réponses

Pays % Correct
France
96%
Russie
93%
Espagne
92%
Chine
90%
Italie
89%
Allemagne
89%
Andorre
88%
Monaco
88%
Luxembourg
85%
Vatican
83%
Saint-Marin
81%
Estonie
75%
Suisse
75%
Lettonie
74%
Lituanie
73%
Liechtenstein
71%
Autriche
71%
Corée du Nord
66%
Bhoutan
62%
Géorgie
61%
Arabie Saoudite
58%
Azerbaïdjan
54%
Qatar
52%
Indonésie
50%
Rép. dém. du Congo
49%
Koweït
46%
Timor oriental
41%
Rwanda
40%

Distribution des résultats

Percentile par nombre de réponses

% des personnes avec chaque résultat

Votre développement - résultats

Vous n’avez pas pris ce quiz